[Event "4e open Saint Chély d'Aubrac"]
[Site "Saint Chély d'Aubrac"]
[Date "2004.07.23"]
[Round "8.15"]
[White "Labarthe, Arnaud"]
[Black "Rabineau, Clement"]
[Result "1-0"]
[WhiteElo "2028"]
[BlackElo "2135"]
[PlyCount "113"]

1. d4 d5 2. c4 Nc6 3. cxd5 Qxd5 4. e3 e5 5. Nc3 Bb4 6. Bd2 Bxc3 7. bxc3 Qd6 8.
Bd3 Nf6 9. f3 O-O 10. Ne2 Ne7 11. Qb1 c5 12. O-O Nc6 13. Qb2 Rd8 14. Rfd1 Ne8
15. Be1 exd4 16. cxd4 Qe7 17. Bf2 cxd4 18. Nxd4 Nxd4 19. exd4 Be6 20. Rab1 Bd5
21. Re1 Qd6 22. Bg3 Qb6 23. Bf2 Qxb2 24. Rxb2 Nc7 25. Bh4 Rd7 26. Be4 b6 27.
Rc2 Ne6 28. Rec1 g5 29. Rc8+ Rd8 30. Rxa8 Bxa8 31. Bxa8 Rxa8 32. Bf2 Rd8 33.
Rd1 Nc7 34. Be3 f6 35. Kf2 Nd5 36. g3 Nc3 37. Rd2 Re8 38. h4 Nd5 39. Rd3 Nxe3
40. Rxe3 Rxe3 41. Kxe3 gxh4 42. gxh4 Kf7 43. d5 Ke7 44. Ke4 b5 45. f4 a5 46. h5
h6 47. Kd4 Kd6 48. f5 b4 49. Kc4 Ke5 50. Kc5 Kxf5 51. d6 a4 52. d7 b3 53. axb3
axb3 54. d8=Q Kg5 55. Qd5+ f5 56. Qxb3 Kxh5 57. Qg3 1-0

[Event "4e open Saint Chély d'Aubrac"]
[Site "Saint Chély d'Aubrac"]
[Date "2004.07.23"]
[Round "8.16"]
[White "Desboeufs, Alexandre"]
[Black "Coste, Thierry"]
[Result "1/2-1/2"]
[WhiteElo "2010"]
[BlackElo "2149"]
[PlyCount "49"]

1. e4 Nc6 2. d4 d5 3. e5 Bf5 4. Nf3 e6 5. Bd3 Nge7 6. Bg5 Qd7 7. O-O h6 8. Be3
g5 9. c4 Bxd3 10. Qxd3 dxc4 11. Qxc4 Nd5 12. Nc3 O-O-O 13. a3 Be7 14. Rfd1 g4
15. Ne1 h5 16. Ne4 Rdg8 17. Nd3 h4 18. Rac1 g3 19. h3 gxf2+ 20. Bxf2 Rg6 21.
Kh1 Rhg8 22. Rg1 Nb6 23. Qc2 Qd5 24. Nf4 Qd8 25. Nxg6 1/2-1/2

[Event "4e open Saint Chély d'Aubrac"]
[Site "Saint Chély d'Aubrac"]
[Date "2004.07.23"]
[Round "8.17"]
[White "Deiller, Pascal"]
[Black "Corke, Anya"]
[Result "1/2-1/2"]
[WhiteElo "2123"]
[BlackElo "2042"]
[PlyCount "68"]

1. d4 Nf6 2. Nc3 d5 3. Bg5 Nbd7 4. Nf3 g6 5. Qd3 Bg7 6. e4 dxe4 7. Nxe4 O-O 8.
O-O-O c6 9. h4 h6 10. Nfd2 Qa5 11. Kb1 Nxe4 12. Nxe4 Nf6 13. Nxf6+ exf6 14. Bd2
Qb6 15. Be3 f5 16. Qb3 Qc7 17. g3 Be6 18. Bc4 Rfe8 19. Bf4 Bxc4 20. Qxc4 Qb6
21. c3 Re4 22. f3 Re6 23. Rhe1 Rae8 24. Rxe6 Rxe6 25. Kc2 Qd8 26. d5 cxd5 27.
Rxd5 Qe8 28. Qb5 Re2+ 29. Kd1 Re1+ 30. Kd2 Qe6 31. Rd6 Qe7 32. Rd7 Qe6 33. Rd6
Qe7 34. Rd7 Qe6 1/2-1/2

[Event "4e open Saint Chély d'Aubrac"]
[Site "Saint Chély d'Aubrac"]
[Date "2004.07.23"]
[Round "8.18"]
[White "Duffau, Pascal"]
[Black "Baeumlin, Francois"]
[Result "1/2-1/2"]
[WhiteElo "2081"]
[BlackElo "2010"]
[PlyCount "39"]

1. Nf3 d5 2. c4 c6 3. e3 Nf6 4. Nc3 Nbd7 5. d4 e6 6. Bd3 Bd6 7. O-O O-O 8. e4
dxe4 9. Nxe4 Nxe4 10. Bxe4 e5 11. dxe5 Nxe5 12. Nxe5 Bxe5 13. Bxh7+ Kxh7 14.
Qh5+ Kg8 15. Qxe5 Re8 16. Qf4 Re2 17. b3 Qa5 18. Qd4 Bf5 {(=)} 19. Bb2 f6 20.
c5 {(=)} 1/2-1/2

[Event "4e open Saint Chély d'Aubrac"]
[Site "Saint Chély d'Aubrac"]
[Date "2004.07.23"]
[Round "8.19"]
[White "Giraud, Sylvain"]
[Black "Laine, Patrice"]
[Result "1/2-1/2"]
[WhiteElo "1850"]
[BlackElo "2070"]
[PlyCount "79"]

1. e4 c5 2. Nf3 e6 3. c3 d5 4. exd5 exd5 5. Be2 Nf6 6. O-O Be7 7. d4 O-O 8. Bf4
Nc6 9. Na3 Bf5 10. dxc5 Bxc5 11. Nb5 a6 12. Nbd4 Be4 13. Qa4 Nxd4 14. cxd4 Bd6
15. Ne5 Rc8 16. Rac1 Qe7 17. Qb3 Rfd8 18. Qg3 Rc7 19. Bh6 Ne8 20. Bh5 f6 21.
Bf7+ Kf8 22. Rxc7 Bxc7 23. f4 Bxe5 24. Bxg7+ Nxg7 25. fxe5 f5 26. e6 Rc8 27. h4
Rc2 28. Rf2 Qc7 29. Qg5 Rxf2 30. Kxf2 Qc2+ 31. Kg1 Qxg2+ 32. Qxg2 Bxg2 33. Kxg2
Ke7 34. Bg8 h6 35. Kf3 Nxe6 36. Bxe6 Kxe6 37. b4 b6 {(=)} 38. a4 a5 39. b5 Kf7
40. Kg3 1/2-1/2

[Event "4e open Saint Chély d'Aubrac"]
[Site "Saint Chély d'Aubrac"]
[Date "2004.07.23"]
[Round "8.20"]
[White "Larand, Manuel"]
[Black "Nass, Emile"]
[Result "0-1"]
[WhiteElo "2060"]
[BlackElo "2008"]
[PlyCount "110"]

1. c4 c6 2. Nf3 d5 3. b3 Nf6 4. g3 Bg4 5. Bg2 Nbd7 6. Bb2 e6 7. O-O Bd6 8. d3
O-O 9. Nc3 Qe7 10. a3 a5 11. Re1 Rfd8 12. h3 Bh5 13. Qc2 Rac8 14. e4 dxe4 15.
dxe4 Bxf3 16. Bxf3 Ne5 17. Be2 Ng6 18. f4 e5 19. f5 Nf8 20. Bf1 Nh5 21. Kh2 Bc5
22. Qg2 Rd7 23. Ra2 Rcd8 24. Bc1 g6 25. Qf3 f6 26. Be2 Ng7 27. h4 Re8 28. Bf1
Rdd8 29. g4 Qf7 30. Na4 Bd4 31. c5 Qe7 32. Rc2 Nd7 33. b4 axb4 34. axb4 Ra8 35.
Kh1 Kh8 (35... Rxa4 36. Qb3+) 36. Nb2 gxf5 37. exf5 Bxb2 38. Bxb2 Rf8 39. Bc4
Rad8 40. Rf2 Rde8 41. Qe3 b6 42. Ba3 bxc5 43. bxc5 e4 44. Rfe2 Ne5 45. Qxe4 Qa7
46. Re3 Nxc4 47. Qxc4 Rxe3 48. Rxe3 h5 49. Kh2 Qd7 50. Rd3 Qc7+ 51. Kh3 Qe5 52.
Rf3 Rd8 53. Bb4 Rd4 54. Qxd4 Qxd4 55. Bc3 Qxg4+ 0-1

[Event "4e open Saint Chély d'Aubrac"]
[Site "Saint Chély d'Aubrac"]
[Date "2004.07.23"]
[Round "8.21"]
[White "De Lagontrie, Jean"]
[Black "Lombart, Philippe"]
[Result "1-0"]
[WhiteElo "1968"]
[BlackElo "2043"]
[PlyCount "73"]

1. d4 d5 2. c4 e6 3. Nc3 Nf6 4. cxd5 exd5 5. Bg5 Nbd7 6. e3 Be7 7. Bd3 O-O 8.
Nf3 b6 9. O-O Bb7 10. Bxf6 Nxf6 11. Rc1 a6 12. Qc2 c5 13. Rfd1 c4 14. Bf1 b5
15. a3 Ne4 16. g3 f5 17. Ne5 g5 18. f4 Qe8 19. Bg2 Rd8 20. Nxe4 dxe4 21. a4 Qh5
22. axb5 axb5 23. Ra1 Ra8 24. Rdc1 gxf4 25. gxf4 Rxa1 26. Rxa1 Ra8 27. Rxa8+
Bxa8 28. b3 Qh4 29. bxc4 Qe1+ 30. Bf1 Qxe3+ 31. Qf2 Qxf2+ 32. Kxf2 Bh4+ 33. Ke3
bxc4 34. Bxc4+ Kf8 35. Be6 Ke7 36. Bxf5 Kf6 37. Bxh7 1-0

[Event "4e open Saint Chély d'Aubrac"]
[Site "Saint Chély d'Aubrac"]
[Date "2004.07.23"]
[Round "8.22"]
[White "Rabier, Jean"]
[Black "Guidez, Thomas"]
[Result "1-0"]
[WhiteElo "1870"]
[BlackElo "1892"]
[PlyCount "107"]

1. e4 e6 2. Nf3 d5 3. Nc3 Nf6 4. e5 Nfd7 5. d4 c5 6. Bb5 Nc6 7. O-O a6 8. Bxc6
bxc6 9. Ne2 cxd4 10. Qxd4 c5 11. Qg4 h6 12. Nf4 Qe7 13. Re1 g6 14. Nxd5 exd5
15. e6 Kd8 16. exd7 Qxd7 17. Qxd7+ Bxd7 18. Ne5 Be8 19. Bf4 f6 20. Ng4 Bg7 21.
Rad1 Bf7 22. Bd6 Bf8 23. Bxf8 Rxf8 24. Nxh6 d4 25. Nxf7+ Rxf7 26. c3 Rd7 27.
cxd4 cxd4 28. Re4 Rc8 29. Rdxd4 Rxd4 30. Rxd4+ Ke7 31. Re4+ Kd6 32. Kf1 Rc1+
33. Re1 Rc2 34. Rb1 Ke5 35. a3 Kd4 36. b4 Kc4 37. a4 Ra2 38. b5 axb5 39. axb5
Ra7 40. b6 Rb7 41. Ke2 Kc5 42. Ke3 Rxb6 43. Rxb6 Kxb6 44. h4 Kc6 45. Ke4 Kd6
46. g4 Ke6 47. Kf4 Kf7 48. h5 Kg7 49. hxg6 Kxg6 50. f3 Kg7 51. Kf5 Kf7 52. f4
Kg7 53. Ke6 Kg6 54. f5+ 1-0

[Event "4e open Saint Chély d'Aubrac"]
[Site "Saint Chély d'Aubrac"]
[Date "2004.07.23"]
[Round "8.23"]
[White "Lengert, Vincent"]
[Black "Tholey, Jean-Paul"]
[Result "0-1"]
[WhiteElo "1690"]
[BlackElo "2057"]
[PlyCount "54"]

1. e4 c5 2. Nf3 a6 3. Bc4 e6 4. c3 Nc6 5. d4 cxd4 6. cxd4 d5 7. exd5 exd5 8.
Bb3 Bb4+ 9. Bd2 Qe7+ 10. Qe2 Bxd2+ 11. Nbxd2 Qxe2+ 12. Kxe2 Nf6 13. h3 Bf5 14.
Rhe1 O-O 15. a3 Na5 16. Ba2 {(=)} 16... b5 17. Ne5 Nc4 18. Bxc4 dxc4 19. Nc6
Rfe8+ 20. Kd1 Kf8 21. Rc1 Nd5 22. Re5 {(=)} 22... Rxe5 23. Nxe5 f6 24. g4 fxe5
25. gxf5 exd4 26. Nf3 Nf4 27. Nxd4 Rd8 0-1

[Event "4e open Saint Chély d'Aubrac"]
[Site "Saint Chély d'Aubrac"]
[Date "2004.07.23"]
[Round "8.24"]
[White "Strohmann, Matthieu"]
[Black "Sidibe, Malika"]
[Result "1-0"]
[WhiteElo "2000"]
[BlackElo "1820"]
[PlyCount "126"]

1. e4 c5 2. Nf3 Nc6 3. d4 cxd4 4. Nxd4 Nf6 5. Nc3 e5 6. Ndb5 d6 7. Bg5 a6 8.
Na3 b5 9. Bxf6 gxf6 10. Nd5 Bg7 11. c3 f5 12. exf5 Bxf5 13. Qf3 Bd7 14. Bd3 O-O
15. Bf5 Ne7 16. Bxd7 Nxd5 17. Bc6 e4 18. Qg3 Nb6 19. Bxa8 Nxa8 20. O-O Qb6 21.
Rad1 Rd8 22. Rd4 d5 23. Nc2 Kh8 24. Rd2 Qe6 25. Nd4 Qf6 26. Qg4 Bh6 27. Rdd1
Rg8 28. Qf5 Qg7 29. g3 Nc7 30. Qd7 Bf4 31. Kh1 Qg6 32. Qf5 Bd6 33. Qxg6 Rxg6
34. f3 exf3 35. Rxf3 Kg7 36. Nf5+ Kg8 37. Nxd6 Rxd6 38. Re1 Rd7 39. Rf5 Ne6 40.
Rd1 d4 41. cxd4 Rxd4 42. Rxd4 Nxd4 43. Rf6 Ne6 44. Kg2 Kg7 45. Rf5 Kg6 46. Rd5
Kg7 47. Rd6 a5 48. Rd5 b4 49. Rxa5 Nd4 50. Rd5 Nc6 51. a4 bxa3 52. bxa3 Kf8 53.
a4 Ke7 54. a5 Ke6 55. Rh5 Kd7 56. a6 Kc7 57. Rxh7 Ne5 58. Rh5 Nc6 59. Rf5 Kb6
60. Rxf7 Kxa6 61. Rf6 Kb6 62. h4 Kc7 63. Rxc6+ Kxc6 1-0

[Event "4e open Saint Chély d'Aubrac"]
[Site "Saint Chély d'Aubrac"]
[Date "2004.07.23"]
[Round "8.25"]
[White "Lengert, Martin"]
[Black "Sivan, Michel"]
[Result "1/2-1/2"]
[WhiteElo "1810"]
[BlackElo "1984"]
[PlyCount "22"]

1. d4 Nf6 2. c4 g6 3. Nc3 Bg7 4. Nf3 d6 5. Bg5 h6 6. Bh4 Nbd7 7. e3 c5 8. Bd3
O-O 9. h3 Qb6 10. Qd2 a6 11. O-O Qa7 {(=)} 1/2-1/2

[Event "4e open Saint Chély d'Aubrac"]
[Site "Saint Chély d'Aubrac"]
[Date "2004.07.23"]
[Round "8.26"]
[White "Lagunes, Matthieu"]
[Black "Rivier, Sylvain"]
[Result "1-0"]
[WhiteElo "1730"]
[BlackElo "1460"]
[PlyCount "129"]

1. e4 e6 2. d4 d5 3. exd5 exd5 4. Nf3 Nf6 5. a3 Bd6 6. Nc3 O-O 7. Be2 c6 8. O-O
Nbd7 9. Bg5 h6 10. Bh4 Re8 11. b4 Nf8 12. b5 Ng6 13. Bg3 Bxg3 14. fxg3 Qa5 15.
Qd2 Ne4 16. Nxe4 Qxd2 17. Nfxd2 dxe4 18. bxc6 bxc6 {(=)} 19. Nc4 Ba6 20. Rae1
Ne7 21. Nd6 Bxe2 22. Rxe2 Red8 23. Rxe4 Rxd6 24. Rxe7 f6 25. c3 a5 26. Rb1 Rc8
27. Rbb7 Rd5 28. Rxg7+ Kh8 29. Rh7+ Kg8 30. Rbg7+ Kf8 31. Rh8+ Kxg7 32. Rxc8
Kf7 33. Rxc6 Rd7 34. Rb6 Rc7 35. Rb5 Rxc3 36. Rxa5 Rd3 37. d5 Ke7 38. a4 Rd4
39. Ra7+ Kd6 40. Ra8 Kxd5 41. Rd8+ Kc5 42. Rxd4 Kxd4 43. Kf2 Kc5 44. Kf3 Kb4
45. Kf4 Kxa4 46. Kf5 Kb5 47. Kxf6 Kc6 48. Kg6 Kd6 49. Kxh6 Ke7 50. Kg7 Ke6 51.
g4 Ke5 52. g3 Ke4 53. h4 Kf3 54. h5 Kxg4 55. h6 Kxg3 56. h7 Kf2 57. h8=Q Kg2
58. Qh4 Kg1 59. Qh3 Kf2 60. Kf6 Kg1 61. Kf5 Kf2 62. Kf4 Kg1 63. Qg3+ Kh1 64.
Qg8 Kh2 65. Kf3 1-0

[Event "4e open Saint Chély d'Aubrac"]
[Site "Saint Chély d'Aubrac"]
[Date "2004.07.23"]
[Round "8.27"]
[White "Moutaux, Robert"]
[Black "Landwerlin, Pascal"]
[Result "0-1"]
[WhiteElo "1957"]
[BlackElo "1499"]
[PlyCount "46"]

1. d4 e6 2. Nf3 d5 3. e3 c5 4. c3 Nc6 5. b3 a6 6. a4 f5 7. Bb2 Nf6 8. Nfd2 Qb6
9. Qc2 Bd7 10. Bd3 Rc8 11. Nf3 cxd4 12. Nxd4 Nb4 13. Qd2 Nxd3+ 14. Qxd3 e5 15.
Nxf5 Qxb3 16. Ba3 e4 17. Qd4 Bxf5 18. Qe5+ Kf7 19. Qxf5 Bxa3 20. Nxa3 Qxc3+ 21.
Ke2 Qd3+ 22. Ke1 Qc3+ 23. Ke2 Qb2+ 0-1

[Event "4e open Saint Chély d'Aubrac"]
[Site "Saint Chély d'Aubrac"]
[Date "2004.07.23"]
[Round "8.28"]
[White "Paci, Romain"]
[Black "Tatinian, William"]
[Result "1/2-1/2"]
[WhiteElo "1700"]
[BlackElo "1860"]
[PlyCount "54"]

1. e4 e6 2. d4 d5 3. Nd2 dxe4 4. Nxe4 Nd7 5. Nf3 Ngf6 6. Nxf6+ Nxf6 7. c3 Be7
8. Bd3 O-O 9. O-O b6 10. Qe2 Bb7 11. Ne5 Qd5 12. f3 c5 13. Be3 cxd4 14. Bxd4
Bc5 15. Bxc5 Qxc5+ 16. Kh1 Rfd8 17. Rad1 Rd5 18. Ng4 Nxg4 19. fxg4 Rad8 20.
Rxf7 Bc8 21. Rf3 Qd6 22. Bc2 Rd2 23. Qe4 g6 24. Rh3 Qd5 25. Qxd5 R8xd5 26. Bb3
Rd8 27. Re3 Rxb2 {(=)} 1/2-1/2

[Event "4e open Saint Chély d'Aubrac"]
[Site "Saint Chély d'Aubrac"]
[Date "2004.07.23"]
[Round "8.29"]
[White "Richard, Emma"]
[Black "Desboeufs, Claude"]
[Result "1-0"]
[WhiteElo "1810"]
[BlackElo "1619"]
[PlyCount "83"]

1. d4 Nf6 2. Nf3 g6 3. Bf4 Bg7 4. e3 d6 5. c4 O-O 6. Be2 Nc6 7. h3 Nd7 8. O-O
e5 9. Bh2 exd4 10. exd4 Qf6 11. d5 Nd4 12. Nxd4 Qxd4 13. Nc3 Qxd1 14. Nxd1 Nc5
15. Rc1 Bf5 16. b4 Nd3 17. Bxd3 Bxd3 18. Re1 Rfe8 19. Rxe8+ Rxe8 20. Ne3 Re4
21. c5 Rxb4 22. cxd6 c6 23. d7 Bf6 24. Be5 Bd8 25. dxc6 bxc6 26. Rxc6 Rb7 27.
Rc8 Rxd7 28. Bf6 Ba6 29. Rxd8+ Rxd8 30. Bxd8 Kf8 31. Bf6 Bb5 32. Kh2 Ke8 33.
Kg3 a5 34. Kf4 h5 35. Kg5 a4 36. a3 Bd7 37. Nd5 Be6 38. Nc7+ Kd7 39. Nxe6 Kxe6
40. Bc3 f5 41. Kxg6 f4 42. Kg5 1-0

[Event "4e open Saint Chély d'Aubrac"]
[Site "Saint Chély d'Aubrac"]
[Date "2004.07.23"]
[Round "8.30"]
[White "Dury, Renaud"]
[Black "Mathis, Julien"]
[Result "1/2-1/2"]
[WhiteElo "1690"]
[BlackElo "1780"]
[PlyCount "32"]

1. Nf3 d5 2. b3 c6 3. Bb2 Nf6 4. e3 Bg4 5. Be2 Nbd7 6. O-O e6 7. c4 Bd6 8. d3
O-O 9. Nc3 a6 10. Rc1 e5 11. d4 e4 12. Nd2 Bxe2 13. Qxe2 Qe7 14. cxd5 cxd5 15.
f3 exf3 16. Qxf3 Qe6 1/2-1/2

[Event "4e open Saint Chély d'Aubrac"]
[Site "Saint Chély d'Aubrac"]
[Date "2004.07.23"]
[Round "8.31"]
[White "Croux, Laurent"]
[Black "Pierre, Alexis"]
[Result "1-0"]
[WhiteElo "1770"]
[BlackElo "1580"]
[PlyCount "33"]

1. e4 c5 2. Nf3 Nc6 3. d3 Nf6 4. g3 d6 5. Bg2 e6 6. O-O Be7 7. a4 O-O 8. Nbd2
Qc7 9. Re1 b6 10. Nc4 Bb7 11. Bf4 Rfd8 12. c3 Rac8 13. Rc1 Qd7 14. e5 Nd5 15.
exd6 Bxd6 16. Bxd6 Nf6 17. d4 1-0

[Event "4e open Saint Chély d'Aubrac"]
[Site "Saint Chély d'Aubrac"]
[Date "2004.07.23"]
[Round "8.33"]
[White "De Biasi, Robert"]
[Black "Gazel, Bruno"]
[Result "1-0"]
[WhiteElo "1690"]
[BlackElo "1520"]
[PlyCount "109"]

1. c4 e5 2. Nc3 Nc6 3. g3 Nf6 4. Bg2 Bb4 5. e3 Bxc3 6. bxc3 O-O 7. Ne2 d6 8.
O-O Bd7 9. d4 Rb8 10. Rb1 Qc8 11. e4 Bh3 12. Qd3 Bxg2 13. Kxg2 Qg4 14. f3 Qg6
15. Ng1 d5 16. cxd5 Nxd5 17. Nh3 Rfd8 18. Rd1 Nf6 19. d5 Ne7 20. c4 b6 21. Qe3
Nc8 22. Bb2 Nd6 23. Rbc1 Re8 24. Re1 Nd7 25. a4 f5 26. exf5 Nxf5 27. Qg5 Qf7
28. g4 Nd4 29. Qe3 Qg6 30. Bxd4 exd4 31. Qxd4 Nf6 32. Re6 Rxe6 33. dxe6 Re8 34.
Re1 Nh5 35. e7 Nf6 36. Re5 Qf7 37. Ng5 Qg6 38. Qf4 h6 39. Ne4 Nxe4 40. Rxe4 Qd6
41. Qe3 Kf7 42. Rf4+ Kg8 43. Re4 Kf7 44. h4 Rxe7 45. Rxe7+ Qxe7 46. Qf4+ Kg8
47. Qe4 Kf7 48. Qd5+ Qe6 49. Kf2 Qxd5 50. cxd5 Kf6 51. f4 a5 52. Ke3 g5 53.
fxg5+ hxg5 54. h5 Kg7 55. Kd4 1-0

[Event "4e open Saint Chély d'Aubrac"]
[Site "Saint Chély d'Aubrac"]
[Date "2004.07.23"]
[Round "8.34"]
[White "Trzesniower, Jacques"]
[Black "Tabaroni, Serge"]
[Result "0-1"]
[WhiteElo "1390"]
[BlackElo "1650"]
[PlyCount "84"]

1. Nf3 Nf6 2. g3 g6 3. Bg2 Bg7 4. O-O O-O 5. d3 c6 6. e4 Qb6 7. c3 d5 8. Nbd2
Na6 9. Qe2 Re8 10. e5 Nd7 11. e6 Nf8 12. exf7+ Kxf7 13. Ne5+ Kg8 14. d4 Qc7 15.
Ndf3 Nd7 16. Bf4 Nxe5 17. Nxe5 Qb6 18. h4 Qb5 19. Qxb5 cxb5 20. Bxd5+ e6 21.
Bb3 Nb8 22. Rfe1 Nc6 23. Kg2 Kf8 24. Rad1 Na5 25. Bc2 a6 26. Be4 Nc4 27. b3 Nb6
28. Bf3 Nd5 29. Bd2 Ra7 30. Rc1 b6 31. c4 bxc4 32. bxc4 Ne7 33. Bb4 a5 34.
Bxe7+ Raxe7 35. Bc6 Rd8 36. Rcd1 Rc7 37. d5 Bxe5 38. Rxe5 Rxc6 39. Rc1 exd5 40.
Rd1 Rxc4 41. Rexd5 Rxd5 42. Rxd5 Bb7 0-1

[Event "4e open Saint Chély d'Aubrac"]
[Site "Saint Chély d'Aubrac"]
[Date "2004.07.23"]
[Round "8.35"]
[White "Wavresky, Andre"]
[Black "Capron, Michel"]
[Result "1-0"]
[WhiteElo "1640"]
[BlackElo "1400"]
[PlyCount "71"]

1. e4 e5 2. Nf3 Nc6 3. Bb5 d6 4. d4 a6 5. Bxc6+ bxc6 6. dxe5 Bg4 7. exd6 Bxd6
8. O-O Ne7 9. Re1 Be5 10. Qxd8+ Rxd8 11. Nxe5 Be6 12. Nc3 O-O 13. Be3 f6 14.
Nf3 Rd7 15. Red1 Rfd8 16. Rxd7 Rxd7 17. Rd1 Rxd1+ 18. Nxd1 Bg4 19. Bf4 Bxf3 20.
gxf3 f5 21. Bxc7 fxe4 22. fxe4 Ng6 23. Bg3 Kf7 24. Kf1 Ke6 25. Ke2 c5 26. Kd3
Ne5+ 27. Bxe5 Kxe5 28. Ke3 c4 29. f4+ Ke6 30. Kd4 h6 31. Kxc4 g5 32. fxg5 hxg5
33. Kd4 a5 34. c4 g4 35. Ne3 a4 36. Nxg4 1-0

[Event "4e open Saint Chély d'Aubrac"]
[Site "Saint Chély d'Aubrac"]
[Date "2004.07.23"]
[Round "8.36"]
[White "Carabetta, Gaetan"]
[Black "Bou, Georges"]
[Result "0-1"]
[WhiteElo "1300"]
[BlackElo "1570"]
[PlyCount "64"]

1. d4 Nf6 2. c4 e6 3. Nc3 Bb4 4. a3 Bxc3+ 5. bxc3 O-O 6. Bg5 h6 7. Bh4 b6 8. e3
Bb7 9. Nf3 g5 10. Nxg5 hxg5 11. Bxg5 Re8 12. d5 exd5 13. cxd5 Re5 14. c4 Rxg5
15. Be2 Rxg2 16. Bf3 Rg7 17. Qd4 d6 18. Qh4 Nbd7 19. O-O-O Ne5 20. Rdg1 Ng6 21.
Qh6 Rh7 22. Rxg6+ fxg6 23. Qxg6+ Rg7 24. Qh6 Qe7 25. Bd1 Rf8 26. Bb3 c5 27.
dxc6 Bxc6 28. c5+ d5 29. f3 Qf7 30. cxb6 Qh5 31. Qf4 axb6 32. e4 Qg5 0-1

[Event "4e open Saint Chély d'Aubrac"]
[Site "Saint Chély d'Aubrac"]
[Date "2004.07.23"]
[Round "8.38"]
[White "Ruetsch, Johan"]
[Black "Lagunes, Robin"]
[Result "1/2-1/2"]
[WhiteElo "1430"]
[BlackElo "1320"]
[PlyCount "68"]

1. e4 e5 2. Nf3 Nc6 3. Nc3 Bc5 4. Bc4 d6 5. h3 Nf6 6. O-O Bd7 7. d3 Qe7 8. Bg5
h6 9. Bxf6 Qxf6 10. Nd5 Qd8 11. Nd2 Ne7 12. Qf3 Nxd5 13. Bxd5 O-O 14. Bxb7 Rb8
15. Bd5 Rxb2 16. Rfc1 Bd4 17. Nc4 Rxc2 18. Rxc2 Bxa1 19. Na5 c6 20. Nxc6 Bxc6
21. Rxc6 Bd4 22. Qg4 Qf6 23. Rc2 Rb8 24. Rc8+ Rxc8 25. Qxc8+ Kh7 26. Qf5+ Qxf5
27. exf5 g6 28. fxg6+ Kxg6 29. g4 f5 30. gxf5+ Kxf5 31. Be4+ Kg5 32. Kg2 Kh4
33. f3 Bc5 34. Bd5 a5 1/2-1/2

[Event "4e open Saint Chély d'Aubrac"]
[Site "Saint Chély d'Aubrac"]
[Date "2004.07.23"]
[Round "8.37"]
[White "Baudry, Alain"]
[Black "Perrin, Yannick"]
[Result "1-0"]
[WhiteElo "1710"]
[BlackElo "1480"]
[PlyCount "65"]

1. d4 d5 2. c4 e6 3. Nc3 Nf6 4. Bg5 Bb4 5. cxd5 exd5 6. Nf3 Nc6 7. e3 h6 8. Bh4
Bf5 9. Bd3 Bxd3 10. Qxd3 O-O 11. O-O Re8 12. Rac1 Qd6 13. Nb5 Qd8 14. a3 Be7
15. Bg3 Rc8 16. Nd2 a6 17. Nc3 Qd7 18. h3 Qe6 19. Rfe1 Bd6 20. Ne2 Bxg3 21.
Nxg3 Ne4 22. Ngxe4 dxe4 23. Qe2 Rcd8 24. Rc4 Qd6 25. Rec1 Re7 26. Qg4 Qd7 27.
Qh4 Qe6 28. Nf1 Qd6 29. Ng3 Qg6 30. Rxc6 bxc6 31. Qxe7 Rd6 32. Qxc7 Qf6 33.
Nxe4 1-0

[Event "Saint Chély d'Aubrac Op"]
[Site "Saint Chély d'Aubrac"]
[Date "2004.07.24"]
[Round "9.20"]
[White "Laine, Patrice"]
[Black "Desboeufs, Alexandre"]
[Result "1/2-1/2"]
[WhiteElo "2070"]
[BlackElo "2033"]
[PlyCount "20"]
[EventDate "2004.07.??"]

1. d4 d5 2. c4 e6 3. Nc3 Nf6 4. cxd5 exd5 5. Bg5 Be7 6. e3 c6 7. Bd3 O-O 8. Qc2
h6 9. Bh4 Re8 10. Nge2 Nbd7 {(=)} 1/2-1/2

[Event "Saint Chély d'Aubrac Op"]
[Site "Saint Chély d'Aubrac"]
[Date "2004.07.24"]
[Round "9.36"]
[White "Perrin, Yannick"]
[Black "Ruetsch, Johan"]
[Result "1/2-1/2"]
[WhiteElo "1480"]
[BlackElo "1430"]
[PlyCount "40"]
[EventDate "2004.07.??"]

1. e4 e5 2. Nf3 Nc6 3. Nc3 Nf6 4. Bc4 Bc5 5. d3 h6 6. O-O O-O 7. Bd2 d6 8. h3
Nd4 9. Nxd4 Bxd4 10. Qf3 Qe7 11. Rab1 Be6 12. Nd5 Bxd5 13. Bxd5 Nxd5 14. exd5
Bc5 15. Rfe1 Rac8 16. c3 Qd7 17. Qg3 Kh8 18. a4 Qxa4 19. Be3 Bxe3 20. Qxe3 b6
1/2-1/2

[Event "Saint Chély d'Aubrac Op"]
[Site "Saint Chély d'Aubrac"]
[Date "2004.07.24"]
[Round "9.24"]
[White "Lombart, Philippe"]
[Black "Richard, Emma"]
[Result "1-0"]
[WhiteElo "2043"]
[BlackElo "1810"]
[PlyCount "57"]
[EventDate "2004.07.??"]

1. d4 d5 2. c4 e6 3. Nc3 Nf6 4. Nf3 h6 5. Bf4 Bd6 6. Bxd6 Qxd6 7. c5 Qd8 8. e3
O-O 9. Bd3 a5 10. O-O b6 11. Na4 Bd7 12. cxb6 Bxa4 13. Qxa4 cxb6 14. Rac1 Nbd7
15. Rc6 Rc8 16. Rfc1 Rxc6 17. Qxc6 Qa8 18. Qc7 Qb8 19. Bb5 Qxc7 20. Rxc7 Rd8
21. g4 Kf8 22. h4 Ke8 23. Ne5 g5 24. hxg5 hxg5 25. f4 gxf4 26. exf4 Ke7 27. g5
Nh5 28. Rb7 Nxf4 29. Nc6+ 1-0

[Event "Saint Chély d'Aubrac Op"]
[Site "Saint Chély d'Aubrac"]
[Date "2004.07.24"]
[Round "9.37"]
[White "Carabetta, Gaetan"]
[Black "Gazel, Bruno"]
[Result "0-1"]
[WhiteElo "1300"]
[BlackElo "1520"]
[PlyCount "106"]
[EventDate "2004.07.??"]

1. d4 d5 2. c4 dxc4 3. e3 Nf6 4. Bxc4 e6 5. Nc3 c5 6. Nge2 Nc6 7. O-O cxd4 8.
exd4 Bd6 9. Bg5 O-O 10. Re1 a6 11. Qd3 h6 12. Bxf6 Qxf6 13. Rad1 b5 14. Bb3 Bb7
15. Bc2 g6 16. Ne4 Qe7 17. Nxd6 Qxd6 18. Nc3 Nb4 19. Qd2 Nxc2 20. Qxc2 Qc6 21.
d5 exd5 22. Rxd5 b4 23. f3 bxc3 24. Rd3 cxb2 25. Rc3 Qb6+ 26. Kh1 Rac8 27. Qb3
Qxb3 28. Rxb3 Rc1 29. Rg1 b1=Q 30. Rxb1 Rxb1 31. Rxb1 Rd8 32. Kg1 Bc6 33. Rb6
Bb5 34. a4 Bxa4 35. Rxa6 Bb5 36. Rb6 Bc4 37. Rb4 Be6 38. Rh4 Kg7 39. Kf2 Rd5
40. Ke3 g5 41. Rb4 f5 42. f4 g4 43. h4 Rc5 44. Kd4 Rc2 45. g3 Re2 46. Rb7+ Kg6
47. Rb6 Kf6 48. Kc5 Rg2 49. Kd6 Rxg3 50. h5 Rd3+ 51. Kc7 Ke7 52. Rc6 Rd4 53.
Kb6 Rd6 0-1

[Event "Saint Chély d'Aubrac Op"]
[Site "Saint Chély d'Aubrac"]
[Date "2004.07.24"]
[Round "9.33"]
[White "Pierre, Alexis"]
[Black "Moutaux, Robert"]
[Result "1/2-1/2"]
[WhiteElo "1580"]
[BlackElo "1957"]
[PlyCount "40"]
[EventDate "2004.07.??"]

1. d4 Nf6 2. c4 g6 3. Nc3 Bg7 4. e4 d6 5. Be2 O-O 6. Be3 Nbd7 7. Nf3 c5 8. O-O
cxd4 9. Nxd4 Nc5 10. f3 a5 11. Qd2 Qb6 12. Rfd1 Bd7 13. Qe1 h6 14. Qf2 Qc7 15.
Rac1 Kh7 16. Nd5 Nxd5 17. cxd5 b6 18. Qh4 Qd8 19. Bb5 {(=)} 19... e5 20. Qxd8
Raxd8 1/2-1/2

[Event "Saint Chély d'Aubrac Op"]
[Site "Saint Chély d'Aubrac"]
[Date "2004.07.24"]
[Round "9.29"]
[White "Mathis, Julien"]
[Black "Wavresky, Andre"]
[Result "1-0"]
[WhiteElo "1780"]
[BlackElo "1640"]
[PlyCount "61"]
[EventDate "2004.07.??"]

1. c4 Nf6 2. g3 c5 3. Bg2 g6 4. Nc3 Bg7 5. e4 d6 6. Nge2 Nc6 7. O-O O-O 8. f4
Rb8 9. h3 Bd7 10. g4 Qc8 11. d3 Bxg4 12. hxg4 Qxg4 13. Qe1 Nh5 14. Nd5 Rfe8 15.
Ne3 Bd4 16. Nxd4 Qg3 17. Nxc6 bxc6 18. Qxg3 Nxg3 19. Rf3 Ne2+ 20. Kf1 Nxc1 21.
Rxc1 Rxb2 22. Rf2 Rbb8 23. f5 g5 24. Bf3 Kg7 25. Rcc2 Rh8 26. Bh5 Rb1+ 27. Kg2
Rhb8 28. Nd1 Ra1 29. Rb2 Rb1 30. Rxb8 Rxb8 31. Rb2 1-0

[Event "Saint Chély d'Aubrac Op"]
[Site "Saint Chély d'Aubrac"]
[Date "2004.07.24"]
[Round "9.27"]
[White "Tatinian, William"]
[Black "Lengert, Vicent"]
[Result "1-0"]
[WhiteElo "1860"]
[BlackElo "1690"]
[PlyCount "49"]
[EventDate "2004.07.??"]

1. d4 e6 2. c4 Nf6 3. Nc3 Bb4 4. f3 Nh5 5. Nh3 d5 6. Nf2 dxc4 7. e3 b5 8. Bd2
Bd7 9. a4 c6 10. Be2 g6 11. O-O Ng7 12. Re1 Nf5 13. Bf1 h5 14. b3 cxb3 15. Qxb3
Bxc3 16. Bxc3 bxa4 17. Qb7 O-O 18. Qxa8 Qc7 19. Rxa4 Na6 20. Qxf8+ Kxf8 21.
Rxa6 Bc8 22. Raa1 Qe7 23. Ne4 Nh4 24. Rab1 f5 25. Bb4 1-0